| 000 | 00704nam a22002177a 4500 | ||
|---|---|---|---|
| 005 | 20150213124823.0 | ||
| 010 | _aENG-112071 | ||
| 020 |
_a9789351433736 _c595.00 |
||
| 035 | _aEN-95603 | ||
| 037 | _bDBAD/PUB | ||
| 082 | _a340.112 | ||
| 100 | _aKaria, Amit | ||
| 245 |
_aLaw ethics and communication made easy/ _cby Amit Karia [and] Rajiv Singh; edited by Eesha Narang |
||
| 250 | _a4th ed | ||
| 260 |
_aGurgaon _bLexisNexis _c2015 |
||
| 270 |
_a14th Floor, Bldg. No.10, Tower-B, DLF Cyber City, Phase-II _bGurgaon _e122002 |
||
| 300 |
_avarious pagings _b28cm(pbk) |
||
| 505 | _a[for CA-Intermediate (IPC) course] | ||
| 700 | _aSingh, Rajiv | ||
| 942 |
_2ddc _cEN _mKAR _h340.112 |
||
| 999 |
_c91165 _d91165 |
||